000 00389nam a2200133 i 4500
001 bg
245 0 _aBadania w ogrzewnictwie,wentylacji i cieplownictwie :
_bsympozjum naukowe, Szczecin-Świnoujście, 20-22 października 1988.
260 _aSzczecin,
_c1988.
040 _cBPK
041 _apol
080 _a697:628.8](061.3)
942 _cKS
008 s pl f |000 0 pol
999 _c28997
_d28997
856 _uhttp://koha.tu.koszalin.pl/cgi-bin/koha/opac-detail.pl?biblionumber=28997
_yKatalog online BPK